| 000 | 00377nam a2200157 4500 | ||
|---|---|---|---|
| 008 | 190603s2007||||xo d | ||
| 245 | 1 | 0 | _aHojnost pro zacátecníky |
| 260 |
_bEugenika _c2007 _aBratislava |
||
| 020 |
_a8089227846 _c0 |
||
| 041 | 1 | _acze | |
| 044 |
_axo _cSK |
||
| 100 | 1 |
_aPeterson Ellen _91167 |
|
| 250 | _a1. vydanie | ||
| 300 | _a210 s. | ||
| 958 | _aA | ||
| 999 |
_c22474 _d22474 |
||